| 000 | 00559nam a22001217a 4500 | ||
|---|---|---|---|
| 040 | _cRUA | ||
| 082 | _aDVM CHH 2025 B707 Or.1 | ||
| 100 | _aCHHORN CHANCHAKRIYA, ឈន ច័ន្ទចរិយា | ||
| 245 | _aCase Of Veterinary Drug Residues in chicken meat in The southwestern region of Cambodia, ករណីកាកសំណល់បសុឳសថក្នុងសាច់មាន់នៅភាគនិរតីនៃប្រទេសកម្ពុជា | ||
| 260 |
_aPHNOM PENH _bRUA _c2025 |
||
| 300 |
_aix,41p. _bill. _c29cm, |
||
| 942 | _cNRM | ||
| 999 |
_c25688 _d25688 |
||